|
|
|
|
| LEADER |
03929nam a22003973i 4500 |
| 001 |
EBC6955685 |
| 003 |
MiAaPQ |
| 005 |
20231204023222.0 |
| 006 |
m o d | |
| 007 |
cr cnu|||||||| |
| 008 |
231204s2015 xx o ||||0 ger d |
| 020 |
|
|
|a 9783839404959
|q (electronic bk.)
|
| 020 |
|
|
|z 9783899424959
|
| 035 |
|
|
|a (MiAaPQ)EBC6955685
|
| 035 |
|
|
|a (Au-PeEL)EBL6955685
|
| 035 |
|
|
|a (OCoLC)1049913666
|
| 040 |
|
|
|a MiAaPQ
|b eng
|e rda
|e pn
|c MiAaPQ
|d MiAaPQ
|
| 100 |
1 |
|
|a Schulze, Heidrun.
|
| 245 |
1 |
0 |
|a Migrieren - Arbeiten - Krankwerden :
|b Eine biographietheoretische Untersuchung.
|
| 250 |
|
|
|a 1st ed.
|
| 264 |
|
1 |
|a Bielefeld :
|b transcript,
|c 2015.
|
| 264 |
|
4 |
|c ©2015.
|
| 300 |
|
|
|a 1 online resource (284 pages)
|
| 336 |
|
|
|a text
|b txt
|2 rdacontent
|
| 337 |
|
|
|a computer
|b c
|2 rdamedia
|
| 338 |
|
|
|a online resource
|b cr
|2 rdacarrier
|
| 490 |
1 |
|
|a Kultur und soziale Praxis
|
| 505 |
0 |
|
|a Cover Migrieren - Arbeiten - Krankwerden -- Inhalt -- Dank -- Einleitung -- Migration - Krankheit - Gesundheit im interdisziplinären gesundheitswissenschaftlichen Diskurs -- Die situative Perspektive -- Migration in der personalen und transpersonalen Konfliktperspektive -- Die psychosomatische Perspektive -- Die transkulturelle Perspektive: Zwischen Referenz- und Differenzmodell -- Problematisierungen und Konzeptualisierungen der Versorgungspraxis -- Migrations- und Krankheitserfahrung im lebensgeschichtlichen Prozess -- Biographie und Krankheit -- Biographie und Migration -- Biographische Fundierung und Forschungshaltung -- Biographietheoretisches Verständnis im Kontext von Krankheit und Migration -- Zum Konzept der Biographie -- Ereignen, Erinnern, Erzählen -- Autobiographische Alltagserzählungen und Forschungsrelevanz -- Biographisch narrative Gesprächsführung -- Zur Bedeutung biographischen Erzählens: Krankheit und Narration -- Fallrekonstruktive Auswertung -- Vorfeld und Praxis interkultureller Interviews -- Die Fallrekonstruktionen: Biographische Verläufe und biographische Präsentationen -- Adnan Yildiz: Leben in der Begrenzung -- Biographische Präsentation -- Rekonstruktion der Lebensgeschichte -- Zum Zusammenhang von erlebter und erzählter Lebensgeschichte -- Zeki Aksoy: Leben zwischen Anpassung und Widerstand -- Biographische Präsentation -- Rekonstruktion der Lebensgeschichte -- Zum Zusammenhang von erlebter und erzählter Lebensgeschichte -- Ramazan Dalman: Leben in schmerzlicher Gebundenheit -- Die Fallrekonstruktion -- Zusammenfassung -- Cem Özlem: Leben im Kampf um Zugehörigkeit -- Die Fallrekonstruktion -- Zusammenfassung -- Kontrastiver Vergleich und Typenbildung -- Der erste Typus: Die Dethematisierung der Familiengeschichte -- Der zweite Typus: Die Ambivalente Haltung -- Der dritte Typus: Sprechen um zu Verdecken.
|
| 505 |
8 |
|
|a Der vierte Typus: Die Integration von Familien- und Lebensgeschichte -- Fallübergreifende Ergebnisdarstellung -- Diskussion der Eingangssequenzen -- Arbeit als zentrale biographische Thematisierungsdimension -- Wechselseitigkeit biographischer Präsentationen und Lebensgeschichten -- Biographischen Bedeutung der Migration -- Abschließende Bemerkungen -- Forschungsübergreifende Anmerkungen -- Anstatt eines Schlusswortes: Ein Ausblick für die Praxis -- Literatur -- Transkriptionszeichen.
|
| 588 |
|
|
|a Description based on publisher supplied metadata and other sources.
|
| 590 |
|
|
|a Electronic reproduction. Ann Arbor, Michigan : ProQuest Ebook Central, 2023. Available via World Wide Web. Access may be limited to ProQuest Ebook Central affiliated libraries.
|
| 655 |
|
4 |
|a Electronic books.
|
| 776 |
0 |
8 |
|i Print version:
|a Schulze, Heidrun
|t Migrieren - Arbeiten - Krankwerden
|d Bielefeld : transcript,c2015
|z 9783899424959
|
| 797 |
2 |
|
|a ProQuest (Firm)
|
| 830 |
|
0 |
|a Kultur und soziale Praxis
|
| 856 |
4 |
0 |
|u https://ebookcentral.proquest.com/lib/matrademy/detail.action?docID=6955685
|z Click to View
|